Представление документа в формате RUSMARC

ПолеНазваниеЗначение
  Тип записи a
  Библиографический уровень m
001 Контрольный номер RU/УОНБ/EK/490702430
005 Дата корректировки 20250520121948.4
010 Индекс ISBN __
a ISBN 978-5-227-05113-4
d Цена 200 р.
9 Тираж 4000 экз.
b Уточнения в пер.
100 Данные общей обработки __
a Данные общей обработки 20141020d2014 m y0rusy0189||||ca
101 Язык документа 0_
a Язык текста rus
102 Страна публикации __
a Страна публикации RU
105 Кодированные данные (монография) __
a Кодированные данные (монография) a z 000ay
200 Заглавие и сведения об ответственности 1_
a Заглавие Хроника одного полка, 1915 год
e Сведения, относящиеся к заглавию [роман]
f Первые сведения об ответственности Е.М. Анташкевич
g Последующие сведения об ответственности худож. оформ. Е.Ю. Шурлаповой
210 Выходные данные 1_
a Место издания Москва
c Издательство Центрполиграф
d Дата издания 2014
215 Физическое описание __
a Объем 519, [2] с.
c Иллюстрации/тип воспроизводства ил., портр.
d Формат 22 см
300 Общие примечания __
a Общие примечания 16+
333 Примечание о целевом назначении __
a Примечание о целевом назначении 16+
606 Тематические рубрики 0_
a Основная рубрика Исторические романы и рассказы (х. л.)
610 Ключевые слова 0_
a Ключевые слова исторические романы русские
610 Ключевые слова 0_
a Ключевые слова Россия - история нач. 20 в.
686 Индексы других классификаций __
a Классификационный индекс 84Р2-42
v Номер издания LBC/SL
2 Код системы rubbk
700 Автор _1
a Фамилия Анташкевич
b Имя (инициалы) Е.М.
g Полное личное имя Евгений Михайлович
702 Вторичная интеллектуальная ответственность _1
a Фамилия Шурлапова
b Имя (инициалы) Е.Ю.
4 Код отношения 440
801 Источник записи _0
a Страна RU
b Организация РГБ
c Дата составления 20140811
g Правила каталогизации RCR
801 Источник записи _1
a Страна RU
b Организация NLR
c Дата составления 20140811
2 Код формата rusmarc
801 Источник записи _2
a Страна RU
b Организация УОНБ
c Дата составления 20150720
2 Код формата rusmarc
901 Тип документа __
t Тип документа m
909 Создатель записи __
a Создатель записи Долгова
b Дата создания записи 20151005
938 Служебная информация __
a Имя БД books
b Имя библиотеки УОНБ
c Имя АИБС МАРК-SQL
d Номер DOC_ID в БД 313016